| 000 | 00375nam a22001457a 4500 | ||
|---|---|---|---|
| 008 | 250903b |||||||| |||| 00| 0 eng d | ||
| 020 | _a0803956444 | ||
| 050 |
_aHD 58.7 _b.H37 |
||
| 100 | _aHARRISON MICHAEL I. | ||
| 245 | _aDIAGNOSING ORGANIZATIONS METHODS, MODELS AND PROCESSES | ||
| 250 | _a2nd | ||
| 260 |
_aUSA _bSAGE PUBLICATION _c1994 |
||
| 300 | _a179p. | ||
| 942 | _cBK | ||
| 999 |
_c4469 _d4469 |
||